|
|
|
|
| LEADER |
00000nam0a2200000 4500 |
| 001 |
42439 |
| 005 |
20231101210741.0 |
| 035 |
|
|
|a (RuTPU)RU\TPU\book\43702
|
| 035 |
|
|
|a RU\TPU\book\38665
|
| 090 |
|
|
|a 42439
|
| 100 |
|
|
|a 20020904d1983 km y0rusy50 ca
|
| 101 |
0 |
|
|a rus
|
| 102 |
|
|
|a RU
|
| 105 |
|
|
|a a g 001zy
|
| 200 |
1 |
|
|a Микросхемы и их применение
|e справочное пособие
|f В. А. Батушев, В. Н. Вениаминов, В. Г. Ковалев и др.
|
| 205 |
|
|
|a 2-е изд., перераб. и доп.
|
| 210 |
|
|
|a Москва
|c Радио и связь
|d 1983
|
| 215 |
|
|
|a 272 с.
|c ил.
|
| 225 |
1 |
|
|a Массовая радиобиблиотека
|v Вып. 1070
|
| 320 |
|
|
|a Библиогр.: с. 269-271.
|
| 606 |
1 |
|
|a Микросхемотехника
|2 stltpush
|3 (RuTPU)RU\TPU\subj\43763
|9 63206
|
| 610 |
1 |
|
|a электроника
|
| 610 |
1 |
|
|a микросхемы
|
| 610 |
1 |
|
|a микросхемы цифровые
|
| 610 |
1 |
|
|a узлы
|
| 610 |
1 |
|
|a устройства
|
| 610 |
1 |
|
|a микропроцессоры
|
| 610 |
1 |
|
|a преобразователи аналого-цифровые
|
| 610 |
1 |
|
|a справочники
|
| 675 |
|
|
|a 621.382.049.77(035)
|v 3
|
| 701 |
|
1 |
|a Батушев
|b В. А.
|g Владимир Александрович
|
| 701 |
|
1 |
|a Вениаминов
|b В. Н.
|g Виктор Николаевич
|
| 701 |
|
1 |
|a Ковалев
|b В. Г.
|g Венедикт Григорьевич
|
| 701 |
|
1 |
|a Лебедев
|b О. Н.
|g Олег Николаевич
|
| 701 |
|
1 |
|a Мирошниченко
|b А. И.
|g Андрей Иванович
|
| 801 |
|
1 |
|a RU
|b 63413507
|c 20020216
|g PSBO
|
| 801 |
|
2 |
|a RU
|b 63413507
|c 20211213
|g PSBO
|
| 942 |
|
|
|c BK
|